[Event "AUT-ch U14 Girls"]
[Site "St Veit"]
[Date "2023.06.10"]
[Round "5"]
[White "Giselbrecht, Leefke"]
[Black "Poetscher, Katharina"]
[Result "1/2-1/2"]
[WhiteElo "1346"]
[BlackElo "1160"]
[PlyCount "145"]
[EventDate "2023.06.08"]
[EventType "swiss"]
[EventRounds "7"]
[EventCountry "AUT"]
[SourceTitle "EXT 2024"]
[Source "ChessBase"]
[SourceDate "2023.10.10"]
[SourceVersion "1"]
[SourceVersionDate "2023.10.10"]
[SourceQuality "1"]

1. c4 Nf6 2. g3 g6 3. Bg2 Bg7 4. Nc3 0-0 5. d4 c6 6. e4 d6 7. Nge2 e5 8. dxe5 dxe5 9. 0-0 Qe7 10. Qc2 Be6 11. Na4 Na6 12. a3 Rac8 13. c5 Nc7 14. b4 Nb5 15. Rb1 Rfd8 16. Bb2 Nd4 17. Nxd4 exd4 18. Rbd1 Ne8 19. Rfe1 Rd7 20. Ba1 Rcd8 21. Nb2 Nf6 22. Nd3 Qf8 23. Ne5 d3 24. Rxd3 Rxd3 25. Nxd3 Nd7 26. Bxg7 Qxg7 27. Nf4 Qe5 28. Nxe6 Qxe6 29. Rd1 Re8 30. Rd6 Qe7 31. Qd2 Nf6 32. f3 Kg7 33. Qd4 Qe5 34. Qxe5 Rxe5 35. f4 Re7 36. e5 Ne8 37. Rd8 Nc7 38. Kf2 f6 39. Bh3 fxe5 40. fxe5 Kf7 41. Rd7 Nb5 42. e6+ Kf6 43. Rd3 b6 44. a4 Nc7 45. Rd6 bxc5 46. bxc5 Ke5 47. Rd7 Kf6 48. Rd6 Ke5 49. Rxc6 Nxe6 50. Bxe6 Rxe6 51. Rc7 a6 52. Rxh7 Kd5 53. Rc7 Kc4 54. c6 Kb4 55. Rb7+ Kxa4 56. c7 Rc6 57. Ke3 a5 58. Kd4 Ka3 59. Ke5 a4 60. Kd5 Rc2 61. h4 Ka2 62. Ke6 Rc3 63. g4 a3 64. Kf6 Rc6+ 65. Kg5 Ka1 66. h5 a2 67. h6 Rc5+ 68. Kxg6 Rg5+ 69. Kf6 Rg6+ 70. Kf5 Rg5+ 71. Ke6 Rg6+ 72. Kf5 Rg5+ 73. Kf6 1/2-1/2

[Event "AUT-ch U14 Girls"]
[Site "St Veit"]
[Date "2023.06.08"]
[Round "1"]
[White "Serfezi, Eva"]
[Black "Giselbrecht, Leefke"]
[Result "0-1"]
[WhiteElo "855"]
[BlackElo "1346"]
[PlyCount "100"]
[EventDate "2023.06.08"]
[EventType "swiss"]
[EventRounds "7"]
[EventCountry "AUT"]
[SourceTitle "EXT 2024"]
[Source "ChessBase"]
[SourceDate "2023.10.10"]
[SourceVersion "1"]
[SourceVersionDate "2023.10.10"]
[SourceQuality "1"]

1. e4 c5 2. Nc3 Nc6 3. g3 g6 4. Bg2 Bg7 5. d3 Nf6 6. f4 d6 7. Nf3 Qc7 8. 0-0 0-0 9. Be3 Ng4 10. Bd2 Nd4 11. a3 Nxf3+ 12. Qxf3 Bd4+ 13. Kh1 Qa5 14. f5 Nf6 15. Rad1 Qd8 16. Qf4 Nh5 17. Qh4 e6 18. Qg4 exf5 19. exf5 Bg7 20. Bd5 Nf6 21. Qf3 Bxf5 22. Qf4 Nxd5 23. Nxd5 Qd7 24. Rf2 Qc6 25. c4 Bxb2 26. Qf3 Qd7 27. Qf4 Bd4 28. Be3 Bg7 29. Qh4 Rae8 30. Bh6 Re6 31. g4 Bxg4 32. Nf6+ Bxf6 33. Rxf6 Bxd1 34. Bxf8 Kxf8 35. Qh3 Re1+ 36. Kg2 Qxh3+ 37. Kxh3 Re3+ 38. Kg2 Rxd3 39. Rf1 Bg4 40. Rf6 Kg7 41. Rf2 d5 42. cxd5 Rxd5 43. Rb2 Rd3 44. a4 c4 45. Kf2 c3 46. Rxb7 c2 47. Rc7 Bd1 48. h3 Rxh3 49. Kg2 Ra3 50. Kf2 Ra1 0-1

[Event "AUT-ch U14 Girls"]
[Site "St Veit"]
[Date "2022.04.10"]
[Round "2"]
[White "Doersieb, Bianca"]
[Black "Giselbrecht, Leefke"]
[Result "1-0"]
[WhiteElo "1127"]
[BlackElo "1249"]
[PlyCount "47"]
[EventDate "2022.04.10"]
[EventType "swiss"]
[EventRounds "6"]
[EventCountry "AUT"]
[SourceTitle "EXT 2023"]
[Source "ChessBase"]
[SourceDate "2022.10.05"]
[SourceVersion "1"]
[SourceVersionDate "2022.10.05"]
[SourceQuality "1"]

1. e4 c5 2. Nf3 Nc6 3. Bc4 g6 4. Nc3 Bg7 5. 0-0 Nf6 6. d3 0-0 7. h3 d6 8. Be3 Bd7 9. Re1 a6 10. a3 b5 11. Ba2 Qc7 12. Rb1 b4 13. Nd5 Nxd5 14. Bxd5 Rab8 15. Qd2 a5 16. Bh6 Qc8 17. Bxg7 Kxg7 18. Qg5 Qd8 19. Bxc6 Bxc6 20. d4 cxd4 21. Nxd4 Bb7 22. Nf5+ Kh8 23. Nxe7 Re8 24. Qf6# 1-0

[Event "AUT-ch U12 Girls Online Rapid"]
[Site "Playchess.com INT"]
[Date "2020.12.13"]
[Round "6"]
[White "Antenreiter, Lena"]
[Black "Giselbrecht, Leefke"]
[Result "1-0"]
[WhiteElo "1448"]
[BlackElo "1387"]
[PlyCount "43"]
[EventDate "2020.12.13"]
[EventType "swiss (rapid)"]
[EventRounds "7"]
[EventCountry "AUT"]
[SourceTitle "EXT 2022"]
[Source "ChessBase"]
[SourceDate "2021.10.06"]
[SourceVersion "1"]
[SourceVersionDate "2021.10.06"]
[SourceQuality "1"]

1. e4 c5 2. Nf3 Nc6 3. d4 cxd4 4. Nxd4 g6 5. Nc3 Bg7 6. Be3 Nf6 7. f3 d5 8. exd5 Nxd5 9. Nxd5 Qxd5 10. Nxc6 Qxc6 11. Qd2 0-0 12. 0-0-0 Qf6 13. Bd4 e5 14. Bc5 Re8 15. Bb5 e4 16. Bd4 e3 17. Bxf6 exd2+ 18. Rxd2 Re6 19. Rd8+ Bf8 20. Bg5 Re5 21. Bh6 Rxb5 22. Rxf8# 1-0

[Event "AUT-ch U12 Girls Online Rapid"]
[Site "Playchess.com INT"]
[Date "2020.12.13"]
[Round "4"]
[White "Giselbrecht, Leefke"]
[Black "Doersieb, Bianca"]
[Result "1-0"]
[WhiteElo "1387"]
[BlackElo "1620"]
[PlyCount "121"]
[EventDate "2020.12.13"]
[EventType "swiss (rapid)"]
[EventRounds "7"]
[EventCountry "AUT"]
[SourceTitle "EXT 2022"]
[Source "ChessBase"]
[SourceDate "2021.10.06"]
[SourceVersion "1"]
[SourceVersionDate "2021.10.06"]
[SourceQuality "1"]

1. e4 e5 2. Bc4 Nf6 3. d3 Bc5 4. Nf3 Nc6 5. 0-0 h6 6. c3 0-0 7. Nbd2 Na5 8. Bb5 a6 9. Ba4 b5 10. Bc2 d6 11. b4 Bb6 12. bxa5 Bxa5 13. Bb2 d5 14. exd5 Nxd5 15. Ne4 Bf5 16. Qd2 Bxe4 17. dxe4 Nb6 18. Rad1 Nc4 19. Qxd8 Rfxd8 20. Ba1 Rxd1 21. Rxd1 Na3 22. Bb3 Re8 23. h3 b4 24. cxb4 Bxb4 25. Rd7 Re7 26. Rxe7 Bxe7 27. Nxe5 Bf6 28. Bb2 Nb5 29. f4 Nd6 30. Bd5 Kf8 31. Nd7+ Ke7 32. Nxf6 gxf6 33. Kf2 f5 34. Ba3 Kd7 35. exf5 Nxf5 36. Bxf7 a5 37. g4 Nd4 38. Bb2 Nc6 39. f5 Nd8 40. Bd5 Ke7 41. Kf3 c6 42. Be4 Kf7 43. h4 c5 44. Bc3 a4 45. Bd5+ Ke7 46. Ba5 a3 47. Bxd8+ Kxd8 48. Kf4 Ke7 49. g5 hxg5+ 50. hxg5 c4 51. Bxc4 Kf8 52. f6 Ke8 53. g6 Kf8 54. g7+ Ke8 55. g8Q+ Kd7 56. Qe6+ Kd8 57. Qf7 Kc8 58. Be6+ Kb8 59. Qe7 Ka8 60. Bd5+ Kb8 61. Qb7# 1-0

[Event "AUT-ch U12 Girls Online Rapid"]
[Site "Playchess.com INT"]
[Date "2020.12.13"]
[Round "2"]
[White "Ramirez Gaviria, Maya"]
[Black "Giselbrecht, Leefke"]
[Result "1-0"]
[WhiteElo "1328"]
[BlackElo "1387"]
[PlyCount "143"]
[EventDate "2020.12.13"]
[EventType "swiss (rapid)"]
[EventRounds "7"]
[EventCountry "AUT"]
[SourceTitle "EXT 2022"]
[Source "ChessBase"]
[SourceDate "2021.10.06"]
[SourceVersion "1"]
[SourceVersionDate "2021.10.06"]
[SourceQuality "1"]

1. e4 d5 2. Bd3 Nf6 3. f3 Nc6 4. Nc3 e6 5. a3 Bc5 6. Be2 0-0 7. d3 Re8 8. Bg5 h6 9. Bh4 Ne5 10. Qd2 Ng6 11. Bg3 Nh5 12. 0-0-0 a6 13. d4 Bd6 14. e5 Be7 15. Bf2 b5 16. g3 c6 17. f4 a5 18. a4 b4 19. Na2 Qb6 20. Qd3 c5 21. dxc5 Bxc5 22. Bxc5 Qxc5 23. Nf3 Qc6 24. Qb5 Qxb5 25. Bxb5 Rd8 26. Rd2 f6 27. exf6 Nxf6 28. Re1 Ne4 29. Rd4 Ba6 30. Bxa6 Rxa6 31. Nd2 Nf2 32. Re2 Ng4 33. Rd3 e5 34. fxe5 N6xe5 35. Rd4 Re6 36. Rxg4 b3 37. Nxb3 Nxg4 38. Rxe6 Nxh2 39. Nxa5 d4 40. Nc6 Rf8 41. Nxd4 Rf2 42. b4 Ng4 43. b5 Rf8 44. a5 Rb8 45. a6 Ra8 46. Nb4 Nf6 47. b6 Nd7 48. b7 Ra7 49. Re7 Nb8 50. Nbc6 Nxa6 51. Re8+ Kh7 52. b8Q Nxb8 53. Rxb8 Ra1+ 54. Rb1 Ra3 55. Nb5 Rxg3 56. c4 Rc3+ 57. Nxc3 g5 58. Ne4 g4 59. Ne5 h5 60. c5 h4 61. Nxg4 h3 62. c6 h2 63. Nxh2 Kg6 64. Kc2 Kf5 65. Rd1 Kxe4 66. c7 Kf5 67. c8Q+ Ke4 68. Qe8+ Kf4 69. Rf1+ Kg3 70. Qg8+ Kxh2 71. Rg1 Kh3 72. Qh8# 1-0

[Event "AUT-ch U10 Girls"]
[Site "St Kanzian"]
[Date "2018.06.03"]
[Round "7.1"]
[White "Handrich, Carmina"]
[Black "Giselbrecht, Leefke"]
[Result "0-1"]
[WhiteElo "912"]
[BlackElo "1085"]
[PlyCount "44"]
[EventDate "2018.06.01"]
[EventType "swiss"]
[EventRounds "7"]
[EventCountry "AUT"]
[SourceTitle "EXT 2024"]
[Source "ChessBase"]
[SourceDate "2023.10.10"]
[SourceVersion "1"]
[SourceVersionDate "2023.10.10"]
[SourceQuality "1"]

1. e4 e5 2. Nf3 d6 3. Nc3 Nf6 4. Be2 Nc6 5. d3 Be7 6. Bg5 h6 7. Bxf6 Bxf6 8. 0-0 0-0 9. Nd5 Be6 10. Nxf6+ Qxf6 11. h3 Qg6 12. Kh2 Nd4 13. Nxd4 exd4 14. Qd2 d5 15. Qa5 dxe4 16. Qxc7 exd3 17. Bxd3 Qg5 18. Qxb7 Bd5 19. Be4 Bxb7 20. Bxb7 Rab8 21. Be4 Qf4+ 22. g3 Qxe4 0-1

[Event "AUT-ch U08 Girls"]
[Site "St Veit"]
[Date "2016.05.27"]
[Round "1.1"]
[White "Giselbrecht, Leefke"]
[Black "Helmer, Viktoria"]
[Result "1-0"]
[WhiteElo "838"]
[BlackElo "800"]
[PlyCount "31"]
[EventDate "2016.05.27"]
[EventType "swiss"]
[EventRounds "7"]
[EventCountry "AUT"]
[SourceTitle "EXT 2024"]
[Source "ChessBase"]
[SourceDate "2023.10.10"]
[SourceVersion "1"]
[SourceVersionDate "2023.10.10"]
[SourceQuality "1"]

1. e4 e5 2. Nf3 Bc5 3. Nxe5 Nf6 4. Nc3 0-0 5. Bc4 Re8 6. Nf3 Nc6 7. d3 d6 8. Bf4 Bg4 9. h3 Bc8 10. 0-0 d5 11. exd5 Re7 12. Bg5 Bf5 13. Bxf6 Re6 14. Bxd8 Rxd8 15. Ng5 Red6 16. dxc6 1-0